Introduction to JAVA programming : (Record no. 6581)

MARC details
000 -LEADER
fixed length control field 01837 a2200181 4500
020 ## - INTERNATIONAL STANDARD BOOK NUMBER
ISBN 0132130807
022 ## - INTERNATIONAL STANDARD SERIAL NUMBER
ISSN 9780132130806
050 ## - CALL NUMBER
Classification number QA76.73 .J38
Item number .L62
100 ## - AUTHOR
Personal name Liang, Y Daniel
245 ## - TITLE
Title Introduction to JAVA programming :
Remainder of title comprehensive version
Statement of responsibility, etc Y Daniel Liang
250 ## - EDITION
Edition statement 8th
260 ## - PUBLICATION INFORMATION
Place of publication Boston : Edition/Format: Print book : English :
Name of publisher Prentice Hall,
Year of publication ©2011.
300 ## - DESCRIPTION
Number of Pages xxiv, 1342 pages :
Other physical details illustrations ;
Dimensions 26 cm
500 ## - NOTES
General note Includes index.<br/>
505 ## - FORMATTED CONTENTS NOTE
Table of Content Introduction to computers, programs, and Java --<br/>Elementary programming --<br/>Selections --<br/>Loops --<br/>Methods --<br/>Single-dimensional arrays --<br/>Multidimensional arrays --<br/>Objects and classes --<br/>Strings and text I/O --<br/>Thinking in objects --<br/>Inheritance and polymorphism --<br/>GUI basics --<br/>Exception handling --<br/>Abstract classes and interfaces --<br/>Graphics --<br/>Event-driven programming --<br/>Creating graphical user interfaces --<br/>Applets and multimedia --<br/>Binary I/O --<br/>Recursion --<br/>Generics --<br/>Java collections framework --<br/>Algorithm efficiency --<br/>Sorting --<br/>Lists, stacks, queues, and priority queues --<br/>Binary search trees --<br/>Graphs and applications --<br/>Weighted graphs and applications --<br/>Multithreading --<br/>Networking --<br/>Internationalization --<br/>JavaBeans and Bean events --<br/>Containers, layout managers, and borders --<br/>Menus, toolbars, and dialogs --<br/>MVC and swing models --<br/>JTable and JTree --<br/>Java database programming. Chapters available from companion website at www.pearsonhighered.com/liang: Advanced Java database programming --<br/>Servlets --<br/>JavaServer pages --<br/>JSF and Visual web development --<br/>Web services --<br/>Remote method invocation --<br/>Java 2D --<br/>AVL trees and splay trees --<br/>2-4 trees and b-trees --<br/>Red-black trees --<br/>Hashing.
650 ## - SUBJECTS
Topical Term Java (Computer program language)
942 ## - ADDED ENTRY ELEMENTS (KOHA)
Koha item type Books
Holdings
Withdrawn status Lost status Collection code Home library Current library Shelving location Date acquired Full call number Accession Number Koha item type
    Reference Methodist University Library Main Methodist University Library Main General Stacks   QA76.73 .J38 .L62 38244 Books
Copyright © 2026  MUG Library